Metal Gear Titles By Chronological Order - Statistics

General Stats
  • This quiz has been taken 44 times
  • The average score is 7 of 11
Answer Stats
Hint Answer % Correct
1964 Metal Gear Solid 3: Snake Eater
86%
1995 Metal Gear
64%
1974 Metal Gear Solid: Peace Walker
64%
1984 MGSV: The Phantom Pain
64%
2007/09 Metal Gear Solid 2: Sons of Liberty
59%
2014 Metal Gear Solid 4: Guns of the Patriots
59%
1999 Metal Gear 2: Solid Snake
55%
2018 Metal Gear Rising
55%
2005 Metal Gear Solid
55%
1975 MGSV: Ground Zeroes
55%
1970 Metal Gear Solid: Portable Ops
45%
No matching quizzes found
Score Distribution
Percent of People with Each Score
Percentile by Number Answered
Your Score History
You have not taken this quiz